Biostatistics (Record no. 396798)

MARC details
000 -LEADER
fixed length control field 00501 a2200205 4500
005 - DATE & TIME
control field 20260305101110.0
008 - FIXED-LENGTH DATA ELEMENTS--GENERAL INFORMATION
fixed length control field 260305b |||||||| |||| 00| 0 eng d
020 ## - ISBN
International Standard Book Number 9789363630116
Price Rs. 995.00
040 ## - CATALOGING SOURCE
Original cataloging agency VIVEKANANDA LIBRARY
082 ## - DDC NUMBER
Classification number 570.15195
Book Number R186B(4)
100 ## - MAIN ENTRY--PERSONAL NAME
Personal name Rastogi, Veer Bala
245 ## - TITLE STATEMENT
Title Biostatistics
250 ## - EDITION STATEMENT
Edition statement 4th
260 ## - PUBLICATION, DISTRIBUTION, ETC. (IMPRINT)
Name of publisher, distributor, etc MedTech Science Press
Date of publication, distribution, etc 2026
Place of publication, distribution, etc New Delhi
300 ## - PHYSICAL DESCRIPTION
Pages xvi, 485
650 ## - Subject
Subject Biometry
650 ## - Subject
Subject Life Sciences
650 ## - Subject
Subject Biology
942 ## - ADDED ENTRY ELEMENTS (KOHA)
Koha item type Books
Holdings
Withdrawn status Lost status Source of classification or shelving scheme Damaged status Not for loan Location (home branch) Sublocation or collection (holding branch) Shelving location Date acquired Koha issues (times borrowed) Koha full call number Accession No. Koha date last seen Koha item type
    Dewey Decimal Classification     VIVEKANANDA LIBRARY VIVEKANANDA LIBRARY Vivekananda Library 18/02/2026   570.15195 R186B(4) 438442 18/02/2026 Books
    Dewey Decimal Classification     VIVEKANANDA LIBRARY VIVEKANANDA LIBRARY Vivekananda Library 18/02/2026   570.15195 R186B(4) 438444 18/02/2026 Books
    Dewey Decimal Classification     VIVEKANANDA LIBRARY VIVEKANANDA LIBRARY Vivekananda Library 18/02/2026 1 570.15195 R186B(4) 438440 07/04/2026 Books
    Dewey Decimal Classification     VIVEKANANDA LIBRARY VIVEKANANDA LIBRARY Vivekananda Library 18/02/2026   570.15195 R186B(4) 438443 18/02/2026 Books
    Dewey Decimal Classification     VIVEKANANDA LIBRARY VIVEKANANDA LIBRARY Vivekananda Library 18/02/2026   570.15195 R186B(4) 438441 18/02/2026 Books
© Designed and Maintained by Vivekananda Library, MDU Rohtak